00744nam a2200205 a 4500001000800000005001700008008004100025041000800066044000700074050002400081100003100105245004700136260013500183300002400318500001100342500004700353504003000400651004600430651006200476BRL_88620190320210936.0231013s1970----mx-a######---#000-0#spa-# aspa amx 4aF1391.M6b.R49 19701 aReyes Hernández, Alfonso10aMilpa AltabmonografíacAlfonso Reyes H. aMéxicobDepartamento del Distrito Federal, Comisión Coordinadora para el Desarrollo Agropecuario del Distrito Federalc[1970?] a100 p.bil.c23 cm. aAu1060 aEstado físico: Desprendimiento de hojas. aBibliografía: p. 99-100 4aMilpa Alta (Ciudad de México)xHistoria 4aMilpa Alta (Ciudad de México)xVida social y costumbres